[Event "Suedschwaben-ch"]
[Site "Sonthofen"]
[Date "2012.11.01"]
[Round "1.4"]
[White "Weiss, Reinhold"]
[Black "Haeusler, Manfred"]
[Result "1-0"]
[WhiteElo "1757"]
[BlackElo "1459"]
[PlyCount "82"]
[EventDate "2012.11.01"]
[EventType "swiss"]
[EventRounds "7"]
[EventCountry "GER"]
[SourceTitle "EXT 2022"]
[Source "ChessBase"]
[SourceDate "2021.10.06"]
[SourceVersion "1"]
[SourceVersionDate "2021.10.06"]
[SourceQuality "1"]

1. e4 Nf6 2. Nc3 d5 3. exd5 Nxd5 4. Nf3 Bg4 5. h3 Nxc3 6. bxc3 Bh5 7. Bc4 e6 8. d4 Be7 9. 0-0 0-0 10. Bd3 Qd5 11. c4 Bxf3 12. gxf3 Qh5 13. Kh2 Bd6+ 14. f4 Qxd1 15. Rxd1 b6 16. Kh1 Nd7 17. Rg1 f5 18. Bb2 Nf6 19. Rae1 Rae8 20. Re2 Re7 21. Rge1 Kf7 22. a3 Rfe8 23. a4 Bxf4 24. Ba3 Rd7 25. d5 exd5 26. Rxe8 Nxe8 27. Bxf5 Rd8 28. cxd5 Bd6 29. Bb2 Kf8 30. Bxh7 Bc5 31. c4 Nd6 32. Bd3 Rd7 33. f4 Ne8 34. Be5 Bd6 35. Bg6 Nf6 36. Bxf6 gxf6 37. Re8+ Kg7 38. f5 Be5 39. Kg2 a6 40. Kf3 b5 41. axb5 axb5 1-0